Studies on the Epistles of St. Paul. (Record no. 5635)

000 -LEADER
fixed length control field 00608nam a2200181 a 4500
001 - CONTROL NUMBER
control field :::00003377$&:&@@
003 - CONTROL NUMBER IDENTIFIER
control field OkBaRHE
005 - DATE AND TIME OF LATEST TRANSACTION
control field 20000607103304.0
008 - FIXED-LENGTH DATA ELEMENTS--GENERAL INFORMATION
fixed length control field j 000 0 eng u
040 ## - CATALOGING SOURCE
Transcribing agency
100 1# - MAIN ENTRY--PERSONAL NAME
Personal name Godet, Frederic, 1812-1900.
245 10 - TITLE STATEMENT
Title Studies on the Epistles of St. Paul.
260 ## - PUBLICATION, DISTRIBUTION, ETC. (IMPRINT)
Place of publication, distribution, etc New York, NY., :
Name of publisher, distributor, etc Hodder and Stoughton
Date of publication, distribution, etc cnd
300 ## - PHYSICAL DESCRIPTION
Extent 359 p. ;
Dimensions 19 cm.
650 ## - SUBJECT ADDED ENTRY--TOPICAL TERM
Topical term or geographic name as entry element Bible New Testament Epistles of Paul
General subdivision Criticism, Interpretation, etc.
942 ## - ADDED ENTRY ELEMENTS (KOHA)
Source of classification or shelving scheme
Koha item type Books
Copies
Koha item type Shelving location Lost status Not for loan Damaged status Withdrawn status Copy number Barcode Source of classification or shelving scheme Date last seen Price effective from Permanent Location Full call number Date acquired
BooksGeneral Stacks    13377 2018-03-282010-04-14RHEMA Bible Training CollegeBS 2650 .G5782010-04-14